Languages Most Similar to Japanese - Statistics

General Stats
  • This quiz has been taken 602 times
    434 since last reset
  • The average score is 3 of 10
Answer Stats
Index Language % Correct
81,5 Mandarin
98%
84,3 Korean
96%
84,6 Khmer
25%
78,4 Burmese
23%
84,1 Arabic
16%
84,4 Tajik
13%
83,3 Sinhala
11%
83,2 Estonian
5%
85,2 Irish
3%
84,8 Maltese
1%
No matching quizzes found
Score Distribution
Percent of People with Each Score
Percentile by Number Answered
Your Score History
You have not taken this quiz since the last reset